Score 0/34 Timer 04:00
0 Plays Today
Hint 3-Letter Word % Correct
2,000 poundsTON
96.9%
Skin after sunbathingTAN
96.3%
FirearmGUN
96.3%
Road paving substanceTAR
94.7%
Mesh for catching fishNET
94.5%
LargeBIG
94.1%
Create hole with shovelDIG
93.9%
Female member of religious orderNUN
93.5%
AutomobileCAR
93.5%
For each (e.g. miles ___ hour)PER
92.9%
Yang's partnerYIN
92.9%
Juniper berry flavored alcoholGIN
92.8%
Crow callCAW
90.8%
BovineCOW
90.5%
Bolt's partnerNUT
89.5%
2nd person pronounYOU
89.1%
Decorative tied ribbonBOW
89%
Hint 3-Letter Word % Correct
Sturdy deciduous treeOAK
88.9%
Manual boat propellerOAR
88.8%
Plead for almsBEG
87.8%
Pin for holding tent cornersPEG
87.7%
Flying mammalBAT
86.6%
Hither's partnerYON
84.6%
Domesticated Tibetan ox YAK
83.1%
Chef Martin of ___ Can CookYAN
81.5%
Automated computer game opponentBOT
80.3%
Reference to maiden nameNÉE
80.1%
Expected at a certain dateDUE
79.2%
Consumable cereal plant OAT
77.6%
Gidget actress SandraDEE
76%
Provide a film with a soundtrack DUB
57.3%
Fish by lightly bobbing baitDIB
55.3%
Long, slender predatory fish GAR
51.1%
Mongolian dwellingGER
50%

Today's Daily Dose

Remove Ads.
Support Sporcle.
Get the best of Sporcle when you Go Orange. This ad-free experience offers more features, more stats, and more fun while also helping to support Sporcle. Thank you for becoming a member.

You're not logged in!

Compare scores with friends on all Sporcle quizzes.
OR
Log In

Show Comments

Extras

Top Quizzes Today


Score Distribution

Your Account Isn't Verified!

In order to create a playlist on Sporcle, you need to verify the email address you used during registration. Go to your Sporcle Settings to finish the process.

Report this User

Report this user for behavior that violates our Community Guidelines.

Details: